Top 10 Staaten - Größte Kriegsflotte nach Anzahl der Schiffen - Statistiken

Allgemein
  • Dieses Quiz wurde 281 mal gespielt
  • Das Durchschnittsergebnis liegt bei 6 aus 10
Antwortstatistiken
Anzahl der
Schiffe
Länder % Korrekt
484 Vereinigte Staaten
100%
730 China
98%
598 Russland
97%
295 Indien
84%
519 Nordkorea
52%
324 Indonesien
50%
313 Italien
47%
292 Thailand
26%
367 Schweden
22%
275 Sri Lanka
2%
Keine übereinstimmenden Quizze gefunden
Verteilung der Resultate
Anzahl Personen mit jedem Resultat
Perzentil nach korrekt beantworteten Fragen
Ihre Resultats-Entwicklung
Sie haben dieses Quiz noch nicht gespielt